| 000 | 00707nam a2200217 i 4500 | ||
|---|---|---|---|
| 001 | 41336 | ||
| 003 | ES-MaACL | ||
| 007 | t| | ||
| 008 | 030310s1980 mx ||||1| spa d | ||
| 020 | _a968-23-0558-6 | ||
| 100 | 1 |
_aCastel, Robert. _936470 |
|
| 245 | 1 | 3 |
_aEl psicoanalismo _b: el orden psicoanalítico y el poder / _cRobert Castel ; [traducción de Daniel R. Wagner]. |
| 250 | _a[1ª ed.]. | ||
| 260 |
_aMéxico, etc. : _bSiglo Veintiuno, _c1980. |
||
| 300 |
_a268 p. ; _c21 cm. |
||
| 490 | 1 | _aPsicología y etología | |
| 700 | 1 |
_aWagner, Daniel R. _9115837 |
|
| 830 | 0 | 0 |
_aPsicología y etología (Siglo XXI) _9179901 |
| 852 |
_aES-MaACL _jL-9682 _bR.111909 |
||
| 999 |
_c41336 _d41336 |
||